Champions League Final Starting XIs 23-22 - Statistics

General Stats
  • This quiz has been taken 105 times
  • The average score is 23 of 48
Answer Stats
Position Answer % Correct
Team Manchester city
95%
GK Ederson
85%
Team Real Madrid
76%
ST Haaland
74%
CDM Stones
72%
CB Ruben Dias
70%
CM De Bruyne
67%
CB Ake
65%
CB Akanji
64%
LW Grealish
63%
RW Bernardo Silva
62%
GK Courtois
57%
CM Gundogan
53%
CDM Rodrigo
53%
Team Liverpool
52%
GK Onana
52%
ST Benzema
50%
LB Mendy
50%
CM Kroos
49%
CB Militao
49%
CM Modric
49%
RB Carvajal
48%
CB Alaba
45%
GK Alisson
45%
ST Martinez
44%
CB Van Dijk
44%
CB Bastoni
43%
CM Barella
42%
CDM Casemiro
42%
LB Robertson
42%
RW Salah
42%
RB Alexander-Arnold
41%
LW Vinicius Jr.
40%
ST Mane
38%
CDM Fabinho
37%
CM Henderson
37%
LM Dimarco
35%
Team International Milan
35%
RW Valverde
34%
CB Acerbi
33%
LW Diaz
33%
CB Konate
30%
CM Calhanoglu
29%
RM Dumfries
29%
ST Dzeko
26%
CM Thiago
24%
CB Darmian
23%
CM Bronzovic
1%
No matching quizzes found
Score Distribution
Percent of People with Each Score
Percentile by Number Answered
Your Score History
You have not taken this quiz